A Porsche Hungaria újautó logisztikai rendszerének vizsgálata

Bibliográfiai részletek
Szerző: Tóth Bernadett
További közreműködők: Király Dr. Éva
Dokumentumtípus: Diplomadolgozat
Kulcsszavak:újautó
logisztika
szállítmánybiztosítás
fuvarozási módok
szállítási sérülés
Online Access:http://dolgozattar.uni-bge.hu/3954

MARC

LEADER 00000nta a2200000 i 4500
001 dolg3954
005 20160201101723.0
008 151202suuuu hu om 000 hun d
040 |a BGE Dolgozattár Repozitórium  |b hun 
041 |a hu 
100 1 |a Tóth Bernadett 
245 1 2 |a A Porsche Hungaria újautó logisztikai rendszerének vizsgálata  |c Tóth Bernadett  |h [elektronikus dokumentum] 
695 |a újautó 
695 |a logisztika 
695 |a szállítmánybiztosítás 
695 |a fuvarozási módok 
695 |a szállítási sérülés 
700 1 |a Király Dr. Éva  |e ths 
856 4 0 |u http://dolgozattar.uni-bge.hu/3954/1/T%C3%B3th%20Bernadett%20Alexandra_szakdolgozat_2015.pdf  |z Dokumentum-elérés